Statistics for Real Madrid 1999/00 squad

Click here to take the quiz!

General Stats

  • This quiz has been taken 8 times
  • The average score is 14 of 24

Answer Stats

Shirt no.Player% Correct
7Raúl
100%
3Roberto Carlos
100%
8Steve McManaman
100%
1Bodo Illgner
88%
9Fernando Morientes
88%
27Iker Casillas
88%
2Michel Salgado
88%
Vicente del Bosque
88%
6Fernando Redondo
75%
14Guti
75%
15Iván Helguera
75%
22Christian Karembeu
63%
12Iván Campo
63%
5Manolo Sanchís
63%
11Sávio
50%
18Aitor Karanka
38%
23Júlio César
38%
19Nicolas Anelka
38%
21Geremi
25%
4Fernando Hiero
13%
13Albano Bizzarri
0%
20Elvir Baljić
0%
17Javier Dorado
0%
25Perica Ognjenović
0%

Score Distribution

Percentile by Number Answered

Percent of People with Each Score

Your Score History

You have not taken this quiz